Legislation on investment in Mozambique.
| Format: | Book |
|---|---|
| Published: |
Maputo:
Investment Promotion Centre,
[199-].
|
| Subjects: |
| LEADER | 00482cam a2200157 7i4500 | ||
|---|---|---|---|
| 001 | 0000006018 | ||
| 005 | 19991025090000.0 | ||
| 002 | ##000007669 | ||
| 020 | 0 | 0 | |a T000005956 |
| 090 | 0 | 0 | |a MOZB 341.752 |b LEG |
| 245 | 0 | 0 | |a Legislation on investment in Mozambique. |
| 260 | 0 | 0 | |a Maputo: |b Investment Promotion Centre, |c [199-]. |
| 300 | 0 | 0 | |a 47 p.. |
| 650 | 0 | 0 | |a Investments -- |x Law and legislation -- |z Mozambique |
| 651 | 0 | 0 | |a Mozambique |
| 999 | |a 0000009009 |b Book |c Open shelf |e Business Information Centre | ||